000 00556nam a2200181Ia 4500
003 IN-BaIIA
008 211028s9999 xx 000 0 eng d
040 _cIIA Library
080 _a524.31(091)
_bHOS
100 _aHoskin, M.
_913435
245 0 _aStellar astronomy
_bhistorical studies
_cHoskin, M.
260 _aLondon
_bScience History Publications
_c1982
300 _aiv, 197p.
650 _aAstronomy and Astrophysics Thesaurus
650 _aStars
650 _aStellar Systems
_93271
942 _cBK
999 _c7965
_d7965